[Event "Zalakaros op 43rd"]
[Site "Zalakaros"]
[Date "2024.05.25"]
[Round "1"]
[White "Tompa, Janos"]
[Black "Valenta, Petr"]
[Result "1-0"]
[WhiteElo "2270"]
[BlackElo "1865"]
[PlyCount "100"]
[EventDate "2024.05.25"]
[EventType "swiss"]
[EventRounds "9"]
[EventCountry "HUN"]
[SourceTitle "CBM 220 Extra"]
[Source "ChessBase"]
[SourceDate "2024.07.31"]
[SourceVersion "1"]
[SourceVersionDate "2024.07.31"]
[SourceQuality "1"]

1. Nf3 c5 2. g3 e6 3. c4 Nf6 4. Bg2 Na6 5. Nc3 Be7 6. 0-0 0-0 7. d4 d6 8. b3 h6 9. Bb2 Nd7 10. Qd2 Qb6 11. Rad1 Nc7 12. Na4 Qa6 13. dxc5 d5 14. cxd5 Nxd5 15. e4 N5f6 16. Qc3 b5 17. cxb6 axb6 18. Ne5 Nxe5 19. Qxe5 Bb7 20. Nc3 Rac8 21. Nd5 Bd8 22. Nb4 Qa8 23. Qd4 Bxe4 24. Bxe4 Qxe4 25. Qxe4 Nxe4 26. Rd7 Nc5 27. Ra7 Rc7 28. Rxc7 Bxc7 29. Rd1 Ra8 30. Kf1 f6 31. Bd4 Ne4 32. Be3 b5 33. f3 Ba5 34. Nc6 Nc3 35. Rd7 Nd5 36. Ba7 Bc7 37. a4 bxa4 38. bxa4 Bb6 39. Ne7+ Nxe7 40. Bxb6 Nc6 41. Rd6 Ne5 42. Rd8+ Rxd8 43. Bxd8 Nd7 44. a5 Nb8 45. Ke2 Kf8 46. Bc7 Na6 47. Bd6+ Ke8 48. Kd3 Kd7 49. Bf8 g5 50. Bxh6 Kc6 1-0

[Event "Usti nad Labem Chlumecky Rapid op"]
[Site "Usti nad Labem"]
[Date "2024.05.04"]
[Round "3"]
[White "Weiss, Pavel"]
[Black "Valenta, Petr"]
[Result "0-1"]
[WhiteElo "1720"]
[BlackElo "1898"]
[PlyCount "52"]
[EventDate "2024.05.04"]
[EventType "swiss (rapid)"]
[EventRounds "9"]
[EventCountry "CZE"]
[SourceTitle "CBM 220 Extra"]
[Source "ChessBase"]
[SourceDate "2024.07.31"]
[SourceVersion "1"]
[SourceVersionDate "2024.07.31"]
[SourceQuality "1"]

1. e4 c5 2. b3 e6 3. Bb2 a6 4. Nf3 Nc6 5. Be2 Nf6 6. d3 d6 7. 0-0 Be7 8. Nbd2 b5 9. e5 dxe5 10. Nxe5 Bb7 11. Bf3 Qc7 12. Bxc6+ Bxc6 13. Ndf3 Bb7 14. Qe2 0-0 15. h3 h6 16. Nh2 Nd5 17. Neg4 Nf4 18. Nxh6+ gxh6 19. Qg4+ Ng6 20. Nf3 Kh7 21. Rae1 Rg8 22. Bc1 Nh4 23. Qf4 Nxf3+ 24. Kh1 Qxf4 25. Bxf4 Nxe1 26. Rxe1 Rxg2 0-1

[Event "Teplice op 8th"]
[Site "Teplice"]
[Date "2013.06.18"]
[Round "4"]
[White "Furman, Boris"]
[Black "Valenta, Petr"]
[Result "1-0"]
[WhiteElo "2198"]
[BlackElo "1963"]
[PlyCount "69"]
[EventDate "2013.06.15"]
[EventType "swiss"]
[EventRounds "9"]
[EventCountry "CZE"]
[SourceTitle "CBM 155 Extra"]
[Source "ChessBase"]
[SourceDate "2013.08.26"]
[SourceVersion "1"]
[SourceVersionDate "2013.08.26"]
[SourceQuality "1"]

1. d4 d5 2. c4 e6 3. cxd5 exd5 4. Nc3 c6 5. Qc2 Bd6 6. Nf3 Ne7 7. Bg5 f6 8. Bh4 Bf5 9. Qd2 Nd7 10. Bg3 Nf8 11. e3 g5 12. Bd3 Bxg3 13. hxg3 Qd7 14. 0-0-0 0-0-0 15. Kb1 Nfg6 16. Na4 b6 17. Qb4 Qd6 18. Qb3 Kd7 19. Rh6 g4 20. Nh4 Nxh4 21. Rxh4 Qe6 22. Rdh1 Rdg8 23. Qc2 Rg7 24. Rh5 Bg6 25. Bxg6 Nxg6 26. Nc3 Re7 27. e4 dxe4 28. d5 Qf7 29. Nxe4 c5 30. Qa4+ Kd8 31. Nd6 Qg8 32. Qc6 Rc7 33. Qa8+ Kd7 34. Qxg8 Rxg8 35. Nb5 1-0

[Event "Hrdonov Fontana op"]
[Site "Hrdonov"]
[Date "2012.10.25"]
[Round "7"]
[White "Hanl, Frantisek"]
[Black "Valenta, Petr"]
[Result "1-0"]
[WhiteElo "1918"]
[BlackElo "1968"]
[PlyCount "85"]
[EventDate "2012.10.20"]
[EventType "swiss"]
[EventRounds "9"]
[EventCountry "CZE"]
[SourceTitle "CBM 151 Extra"]
[Source "ChessBase"]
[SourceDate "2012.12.18"]
[SourceVersion "1"]
[SourceVersionDate "2012.12.18"]
[SourceQuality "1"]

1. e4 c5 2. Nf3 e6 3. d4 cxd4 4. Nxd4 Nc6 5. Nc3 a6 6. Be2 Qc7 7. 0-0 Nf6 8. Be3 Be7 9. f4 d6 10. Bf3 0-0 11. a4 Nxd4 12. Bxd4 e5 13. Be3 b6 14. Qe2 Rb8 15. Rfd1 Rd8 16. Rd2 Bb7 17. Rad1 Kf8 18. g4 d5 19. exd5 exf4 20. Bf2 h6 21. h4 Bc5 22. g5 hxg5 23. hxg5 Ne8 24. Ne4 Nd6 25. Nxc5 bxc5 26. Qe5 Bc8 27. b3 Rb4 28. Qc3 Ne4 29. Bxe4 Rxe4 30. Qxc5+ Qxc5 31. Bxc5+ Ke8 32. Kf2 Bg4 33. Re1 Rxe1 34. Kxe1 Kd7 35. Rd4 Re8+ 36. Kf1 Bf3 37. c4 Be4 38. Ba3 Bg6 39. c5 f3 40. c6+ Kc7 41. Rb4 Be4 42. Rb7+ Kc8 43. Bd6 1-0

[Event "Teplice op 7th"]
[Site "Teplice"]
[Date "2012.06.20"]
[Round "5"]
[White "Skarda, Lubomir"]
[Black "Valenta, Petr"]
[Result "1/2-1/2"]
[WhiteElo "1837"]
[BlackElo "1943"]
[PlyCount "115"]
[EventDate "2012.06.16"]
[EventType "swiss"]
[EventRounds "9"]
[EventCountry "CZE"]
[SourceTitle "CBM 149 Extra"]
[Source "ChessBase"]
[SourceDate "2012.08.24"]
[SourceVersion "1"]
[SourceVersionDate "2012.08.24"]
[SourceQuality "1"]

1. e4 c5 2. Nf3 e6 3. c3 d5 4. exd5 exd5 5. d4 c4 6. Be2 Bd6 7. 0-0 Ne7 8. Nbd2 0-0 9. Re1 Ng6 10. Nf1 Nc6 11. Ne3 Be6 12. b3 b5 13. Bf1 Qc7 14. g3 Rae8 15. Bg2 h6 16. Bd2 Qd7 17. Qc2 Nge7 18. Rad1 f5 19. Nf1 Ng6 20. Bc1 Qf7 21. bxc4 bxc4 22. Qa4 Bd7 23. Qa6 Rb8 24. Ne5 Ngxe5 25. dxe5 Rb6 26. Bxd5 Rxa6 27. Bxf7+ Kxf7 28. Rxd6 Be6 29. Ne3 Rc8 30. Re2 Rb6 31. f4 Rb1 32. Rd1 Rd8 33. Ree1 Rd3 34. Rxd3 cxd3 35. Bd2 Rb2 36. Nf1 Rxa2 37. Rb1 Bd5 38. Rb7+ Kf8 39. Rd7 Be4 40. h3 a5 41. g4 a4 42. Kf2 Na5 43. Rc7 Nb3 44. Ke3 a3 45. c4 Rc2 46. Bb4+ Kg8 47. Nd2 Nxd2 48. Bxd2 a2 49. Ra7 Rxc4 50. Rxa2 g5 51. Ra7 gxf4+ 52. Kxf4 Bg2+ 53. Kg3 fxg4 54. hxg4 Rc2 55. Kxg2 Rxd2+ 56. Kf3 Re2 57. Rd7 Rxe5 58. Rxd3 1/2-1/2

[Event "Teplice op 7th"]
[Site "Teplice"]
[Date "2012.06.19"]
[Round "4"]
[White "Valenta, Petr"]
[Black "Mikes, Jan"]
[Result "0-1"]
[WhiteElo "1943"]
[BlackElo "2116"]
[PlyCount "98"]
[EventDate "2012.06.16"]
[EventType "swiss"]
[EventRounds "9"]
[EventCountry "CZE"]
[SourceTitle "CBM 149 Extra"]
[Source "ChessBase"]
[SourceDate "2012.08.24"]
[SourceVersion "1"]
[SourceVersionDate "2012.08.24"]
[SourceQuality "1"]

1. c4 e5 2. g3 Nf6 3. Bg2 d5 4. cxd5 Nxd5 5. Nc3 Nb6 6. b3 Nc6 7. Bb2 Be6 8. Nf3 Be7 9. 0-0 0-0 10. d3 f5 11. e3 Bf6 12. Qe2 Bf7 13. Bh3 Bg6 14. Rfd1 Re8 15. Ne1 Qe7 16. Rd2 Qf7 17. Bg2 Rad8 18. Bxc6 bxc6 19. e4 Bh5 20. f3 f4 21. g4 Bg6 22. Ba3 h5 23. Rc1 Qd7 24. Bc5 Kf7 25. Qg2 hxg4 26. Qxg4 Qxg4+ 27. fxg4 Rh8 28. Nf3 Ke6 29. Kg2 Rd7 30. Ne2 Rb8 31. Ba3 Rd6 32. h4 Be8 33. Bxd6 cxd6 34. h5 d5 35. Nc3 Bd7 36. g5 Be7 37. Rh1 Rh8 38. Nd1 dxe4 39. dxe4 c5 40. h6 g6 41. Nf2 Bc6 42. Rc1 Nd7 43. b4 Rc8 44. bxc5 Nf8 45. Kh3 Nh7 46. Kg4 Rc7 47. Rb2 Bd7 48. Rb8 Bxc5 49. Nxe5 Kxe5+ 0-1

[Event "Teplice op 6th"]
[Site "Teplice"]
[Date "2011.06.18"]
[Round "8"]
[White "Toman, Ondrej"]
[Black "Valenta, Petr"]
[Result "0-1"]
[WhiteElo "1811"]
[BlackElo "1930"]
[PlyCount "106"]
[EventDate "2011.06.11"]
[EventType "swiss"]
[EventRounds "9"]
[EventCountry "CZE"]
[SourceTitle "CBM 142 Extra"]
[Source "ChessBase"]
[SourceDate "2011.06.27"]
[SourceVersion "1"]
[SourceVersionDate "2011.06.27"]
[SourceQuality "1"]

1. e4 b6 2. Nc3 Bb7 3. f4 g6 4. Nf3 Bg7 5. d4 e6 6. Bd3 Ne7 7. 0-0 c5 8. Ne2 c4 9. Bxc4 Bxe4 10. Bd3 Bb7 11. c3 0-0 12. Ng3 Nbc6 13. Be3 Nd5 14. Qd2 d6 15. Rad1 Rc8 16. Kh1 Qc7 17. Bg1 Bh6 18. Ng5 Qe7 19. Nh3 Qh4 20. Qf2 Qd8 21. Be4 Nce7 22. Ne2 Qd7 23. Bf3 Rc7 24. Rfe1 Qb5 25. Rb1 Qa4 26. a3 Ba6 27. Red1 Bc4 28. Be4 Nf6 29. Bd3 Bd5 30. Ng3 Qd7 31. Ng5 Ba2 32. Ra1 Bb3 33. Re1 Bg7 34. h3 h6 35. N5e4 Nh7 36. Rac1 e5 37. fxe5 dxe5 38. Nd2 Be6 39. Nf3 Nc6 40. Bb5 exd4 41. Bxc6 Rxc6 42. Nxd4 Bxd4 43. Qxd4 Bd5 44. Kh2 Rd6 45. Qe3 Ng5 46. Qe2 Bb7 47. Rcd1 Bxg2 48. Qxg2 Rxd1 49. Re2 Rxg1 50. Kxg1 Nxh3+ 51. Kh2 Nf4 52. Rd2 Qg4 53. Qf2 Qh4+ 0-1

[Event "Teplice op 5th"]
[Site "Teplice"]
[Date "2010.06.14"]
[Round "3"]
[White "Valenta, Petr"]
[Black "Cerny, Martin"]
[Result "0-1"]
[WhiteElo "1967"]
[BlackElo "2193"]
[PlyCount "77"]
[EventDate "2010.06.12"]
[EventType "swiss"]
[EventRounds "9"]
[EventCountry "CZE"]
[SourceTitle "CBM 136 Extra"]
[Source "ChessBase"]
[SourceDate "2010.07.02"]
[SourceVersion "2"]
[SourceVersionDate "2010.07.15"]
[SourceQuality "1"]

1. c4 c5 2. g3 Nc6 3. e3 b6 4. Bg2 Bb7 5. d3 Qc7 6. Nc3 e6 7. Nf3 Nf6 8. b3 Be7 9. Bb2 0-0 10. 0-0 Rfd8 11. Qe2 d5 12. Rfd1 Rac8 13. Bh3 a6 14. cxd5 Nxd5 15. Ne4 f5 16. Neg5 Qd7 17. a3 h6 18. Nxe6 Qxe6 19. e4 Rf8 20. Re1 Nc7 21. Qc2 Rcd8 22. Bxf5 Rxf5 23. exf5 Qxf5 24. Qc4+ Kh8 25. Nh4 Qh5 26. Re4 b5 27. Bxg7+ Kxg7 28. Rg4+ Bg5 29. Nf5+ Kf6 30. Qxc5 Qxg4 31. Nd6 Rxd6 32. Qxd6+ Ne6 33. f4 Bh4 34. f5 Qd4+ 35. Qxd4+ Nexd4 36. gxh4 Nxb3 37. Re1 Nc5 38. Re3 Nd4 39. Rg3 0-1

[Event "Pardubice KV op"]
[Site "Pardubice"]
[Date "2010.??.??"]
[Round "7"]
[White "Natsidis, Christoph"]
[Black "Valenta, Petr"]
[Result "1-0"]
[WhiteElo "2300"]
[BlackElo "1965"]
[PlyCount "47"]
[EventDate "2010.07.??"]
[EventType "swiss"]
[EventRounds "7"]
[EventCountry "CZE"]
[SourceTitle "EXT 2012"]
[Source "ChessBase"]
[SourceDate "2011.11.24"]
[SourceVersion "1"]
[SourceVersionDate "2011.11.24"]
[SourceQuality "1"]

1. d4 e6 2. c4 c5 3. d5 exd5 4. cxd5 d6 5. Nc3 g6 6. Nf3 Bg7 7. Nd2 Bxc3 8. bxc3 h5 9. c4 Nd7 10. Bb2 Rh7 11. e4 Ngf6 12. Bd3 Ne5 13. Bc2 Qa5 14. 0-0 g5 15. Qc1 Qd8 16. Bxe5 dxe5 17. Nf3 Rg7 18. Nxe5 Qe7 19. Nd3 Ng4 20. e5 b6 21. Re1 Kf8 22. Qd1 Bf5 23. Qf3 Bxd3 24. d6 1-0

[Event "Pardubice KV op"]
[Site "Pardubice"]
[Date "2010.??.??"]
[Round "1"]
[White "Pospisil, Adolf"]
[Black "Valenta, Petr"]
[Result "1-0"]
[WhiteElo "1690"]
[BlackElo "1965"]
[PlyCount "79"]
[EventDate "2010.07.??"]
[EventType "swiss"]
[EventRounds "7"]
[EventCountry "CZE"]
[SourceTitle "EXT 2012"]
[Source "ChessBase"]
[SourceDate "2011.11.24"]
[SourceVersion "1"]
[SourceVersionDate "2011.11.24"]
[SourceQuality "1"]

1. d4 d5 2. c4 c6 3. cxd5 cxd5 4. Nc3 Nc6 5. Nf3 h6 6. Bf4 a6 7. e3 Nf6 8. Ne5 e6 9. a3 Be7 10. Bd3 0-0 11. 0-0 Bd7 12. b4 b5 13. Rc1 Rc8 14. Bb1 Re8 15. Qd3 Bf8 16. Ng4 g6 17. Nxh6+ Bxh6 18. Bxh6 e5 19. Bg5 e4 20. Qd2 Bf5 21. Bxf6 Qxf6 22. Nxd5 Qd6 23. Nf4 g5 24. Ne2 Kg7 25. Rc5 Ne5 26. Ng3 Bg6 27. Qc3 Nc4 28. Rxg5 Kh7 29. Rc5 Rcd8 30. Ba2 Nb6 31. Rc6 Qb8 32. Qc5 Nd7 33. Qg5 f6 34. Qh4+ Kg7 35. Nh5+ Bxh5 36. Qxh5 Rh8 37. Qf7+ Kh6 38. Rfc1 Rhf8 39. Qe6 Rfe8 40. Qf5 1-0